| 000 | 00730nam a2200229Ia 4500 | ||
|---|---|---|---|
| 001 | 8539 | ||
| 003 | GE_BSU | ||
| 008 | 181216s||||||||xx |||||||||||||| ||und|| | ||
| 040 | _cGE_BSU | ||
| 080 | _a821.353.1-1 | ||
| 100 | _aვარშანიძე,მამია. | ||
| 245 | _aმაღალი ფიქრები. | ||
| 245 | _bლექსები. | ||
| 245 | _cრედ:შოთა როყვა;მხატვ:თ.მაცაბერიძე | ||
| 260 | _aთბილისი. | ||
| 260 | _bსაბჭ.საქართველო | ||
| 260 | _c1968. | ||
| 300 | _a70გვ;16სმ. | ||
| 653 | _aლექსები | ||
| 653 | _aმაღალი ფიქრები. | ||
| 942 | _cBK | ||
| 999 |
_c41856 _d41856 |
||